000 00258nam a22000977a 4500
100 _aHariharan, T.
245 _aKrishiyude thudakkam muthal sradhichal rubbarithpadanam koottaam
260 _bRubber, 708(May): 22-23.
_c2025
300 _bMalayalam
942 _cJS
999 _c75515
_d75515